000 00293nam a2200133Ia 4500
100 _aRoberts/ William L
942 _cRB
654 _aHot Rolling
245 _aHot Rolling Of Steel
260 _bMarcel Dekker
_aNew York
_c1983
082 _a672.3
_bRob
300 _a1033
546 _aENGLISH
999 _c27734
_d27734